Exploradores : (Record no. 127667)

MARC details
000 -CABECERA
campo de control de longitud fija 00629nam a2200205 a 4500
005 - FECHA Y HORA DE LA ÚLTIMA TRANSACCIÓN
campo de control 20240424063754.0
008 - ELEMENTOS DE LONGITUD FIJA--INFORMACIÓN GENERAL
campo de control de longitud fija 080421s2002 mx r 000 0 spa d
020 ## - NÚMERO INTERNACIONAL NORMALIZADO PARA LIBROS
Número Internacional Estándar del Libro 9706906320
035 ## - NÚMERO DE CONTROL DEL SISTEMA
Número de control de sistema UPN01000155552
049 ## - COLECCIÓN
Colección I
050 #4 - SIGNATURA TOPOGRÁFICA DE LA BIBLIOTECA DEL CONGRESO
Número de clasificación G175
Número de documento/Ítem P5.3
100 1# - ASIENTO PRINCIPAL--NOMBRE PERSONAL
Nombre de persona Platt, Richard
245 10 - MENCIÓN DE TÍTULO
Título Exploradores :
Resto del título aventureros que abrieron nuevas fronteras /
Mención de responsabilidad, etc. por Richard Platt ; tr. Eunice Cortés.
260 ## - PUBLICACIÓN, DISTRIBUCIÓN, ETC.
Lugar de publicación, distribución, etc. México :
Nombre del editor, distribuidor, etc. Planeta,
Fecha de publicación, distribución, etc. c2002.
300 ## - DESCRIPCIÓN FÍSICA
Extensión 96 p. :
Otras características físicas il. col.
440 #0 - MENCIÓN DE SERIE/ASIENTO SECUNDARIO--TÍTULO
Título Planeta Junior.
Nombre de parte o sección de la obra Megabites
650 #4 - ASIENTO SECUNDARIO DE MATERIA - TERMINO TEMATICO
Término de materia o nombre geográfico como elemento de entrada EXPLORADORES -
Subdivisión de forma LITERATURA JUVENIL
9 (RLIN) 9926
650 #4 - ASIENTO SECUNDARIO DE MATERIA - TERMINO TEMATICO
Término de materia o nombre geográfico como elemento de entrada Exploradores
9 (RLIN) 10041
905 ## - TIPO DE MATERIAL
Tipo de material Infantil
Holdings
Estado de retiro Estado de pérdida Fuente del sistema de clasificación o colocación Estado dañado No para préstamo Código de colección Localización permanente Ubicación/localización actual Ubicación en estantería Fecha de adquisición Clasificación Código de barras Fecha visto por última vez Número de copia Tipo de ítem Koha
    Library of Congress Classification     Infantil Bib. Gregorio Torres Quintero Bib. Gregorio Torres Quintero Sala infantil Planta baja 10/05/2023 G175 P5.3 249757 31/12/2020 1 Libro